Непрерывность функции. Исследование функции с помощью производных учебно-методическое пособие
В учебно-методическом пособии рассмотрены важные темы математического анализа – непрерывность функции и исследование функций с помощью производных. Исследование функций с помощью производных включает в себя полное исследование функций и построение графиков функций. Пособие содержит необходимые теоре...
Salvato in:
| Autore principale: | |
|---|---|
| Altri autori: | |
| Natura: | Книга |
| Lingua: | Russian |
| Pubblicazione: |
Пермь
ПНИПУ
2024
|
| Accesso online: | https://e.lanbook.com/book/492467 https://e.lanbook.com/img/cover/book/492467.jpg |
| Tags: |
Aggiungi Tag
Nessun Tag, puoi essere il primo ad aggiungerne! !
|
| LEADER | 02483nam0a2200289 i 4500 | ||
|---|---|---|---|
| 001 | 492467 | ||
| 003 | RuSpLAN | ||
| 005 | 20250624164236.0 | ||
| 008 | 250624s2024 ru gs 000 0 rus | ||
| 020 | |a 978-5-398-03233-8 | ||
| 040 | |a RuSpLAN | ||
| 041 | 0 | |a rus | |
| 044 | |a ru | ||
| 080 | |a 517.518.153+517.17](072.8) | ||
| 245 | 0 | 0 | |a Непрерывность функции. Исследование функции с помощью производных |b учебно-методическое пособие |c Валеева Р. Ф.,Третьякова Н. Г. |
| 260 | |a Пермь |b ПНИПУ |c 2024 | ||
| 300 | |a 108 с. | ||
| 500 | |a Утверждено Редакционно-издательским советом университета в качестве учебно-методического пособия | ||
| 504 | |a Библиогр.: доступна в карточке книги, на сайте ЭБС Лань | ||
| 520 | 8 | |a В учебно-методическом пособии рассмотрены важные темы математического анализа – непрерывность функции и исследование функций с помощью производных. Исследование функций с помощью производных включает в себя полное исследование функций и построение графиков функций. Пособие содержит необходимые теоретические сведения по названным темам. Приведено большое количество разнообразных примеров, позволяющих использовать пособие для самостоятельной работы студентов. Пособие снабжено большим количеством индивидуальных заданий. Предназначено для аудиторной и самостоятельной работы студентов инженерных специальностей университетов. | |
| 521 | 8 | |a Книга из коллекции ПНИПУ - Математика | |
| 521 | 8 | |a СЭБ | |
| 100 | 1 | |a Валеева Р. Ф. | |
| 700 | 1 | |a Третьякова Н. Г. | |
| 856 | 4 | |u https://e.lanbook.com/book/492467 | |
| 856 | 4 | 8 | |u https://e.lanbook.com/img/cover/book/492467.jpg |
| 953 | |a https://e.lanbook.com/img/cover/book/492467.jpg | ||